| 000 -CABECERA |
| Longitud fija campo de control |
00709nam a2200217 a 4500 |
| 001 - NÚMERO DE CONTROL |
| Número de control |
2949 |
| 003 - IDENTIFICADOR DEL NÚMERO DE CONTROL |
| Identificador del número de control |
CDMR |
| 005 - FECHA Y HORA DE LA ÚLTIMA TRANSACCIÓN |
| Fecha y hora de la última transacción |
20130610100633.0 |
| 008 - CÓDIGOS DE INFORMACIÓN DE LONGITUD FIJA |
| Códigos de información de longitud fija |
130130s1995||||||||||||||||||||||||||||d |
| 020 ## - NÚMERO INTERNACIONAL NORMALIZADO PARA LIBROS |
| Número Internacional Normalizado para Libros (ISBN) |
8479352450 |
| 040 ## - FUENTE DE LA CATALOGACIÓN |
| Centro catalogador de origen |
CDMR |
| Lengua de catalogación |
cat |
| Centro transcriptor |
CPC LLEIDA |
| 100 1# - PUNTO DE ACCESO PRINCIPAL-NOMBRE DE PERSONA |
| Nombre de persona |
Font i Sugranyes, Ricard |
| 9 (RLIN) |
2170 |
| 245 10 - MENCIÓN DE TÍTULO |
| Título |
Ni callar ni aplaudir |
| Resto del título |
: vint anys de periodisme crític a l'Alt Pirineu (1969-1989) |
| Mención de responsabilidad, etc. |
Ricard Font Sugranyes ; pròleg: Margarita Rivière |
| 260 ## - PUBLICACIÓN, DISTRIBUCIÓN, ETC. (PIE DE IMPRENTA) |
| Lugar de publicación, distribución, etc. |
Lleida |
| Fecha de publicación, distribución, etc. |
1995 |
| Nombre del editor, distribuidor, etc. |
Pagès |
| 300 ## - DESCRIPCIÓN FÍSICA |
| Extensión |
93 p. |
| 490 0# - MENCIÓN DE SERIE |
| Mención de serie |
Guimet |
| Designación de volumen o secuencia |
2 |
| 600 1# - PUNTO DE ACCESO ADICIONAL DE MATERIA - NOMBRE DE PERSONA |
| 9 (RLIN) |
2170 |
| Nombre de persona |
Font i Sugranyes, Ricard |
| Subdivisión de forma (R ) |
Biografia |
| 650 04 - PUNTO DE ACCESO ADICIONAL DE MATERIA - TÉRMINO DE MATERIA |
| 9 (RLIN) |
3717 |
| Término de materia o nombre geográfico como elemento inicial |
Premsa comarcal |
| Subdivisión de materia general |
Història |
| Subdivisión geográfica |
Catalunya |
| 700 1# - PUNTO DE ACCESO ADICIONAL - NOMBRE DE PERSONA |
| 9 (RLIN) |
849 |
| Nombre de persona |
Rivière, Margarita |
| Término indicativo de función |
pr. |
| 942 ## - ENTRADA DE ELEMENTOS AGREGADOS (KOHA) |
| Koha [por defecto] tipo de item |
Monografies |
| Fuente de clasificaión o esquema |
|